Score 0/106 Timer 15:00
2 Plays Today
% Correct
Casino Royale
90.2%
Goldfinger
89%
From Russia, with Love
88.7%
Dr. No
88.4%
Diamonds are Forever
86.9%
The Chamber of Secrets
86.6%
The Deathly Hallows
86.3%
The Half-Blood Prince
86.2%
The Goblet of Fire
86.1%
The Prisoner of Azkaban
86%
The Spy Who Loved Me
85.8%
The Order of the Phoenix
85.7%
Little House on the Prairie
85.3%
Little Town on the Prairie
85%
The Man with the Golden Gun
85%
The Sorcerer's Stone
84.6%
Alice's Adventures in Wonderland
84.6%
Little House in the Big Woods
84.2%
Live and Let Die
84%
Octopussy and the Living Daylights
82.5%
For Your Eyes Only
82.3%
On Her Majesty's Secret Service
82.3%
You Only Live Twice
82.1%
The Hitchhiker's Guide to the Galaxy
82.1%
Artemis Fowl
79.5%
Through the Looking Glass
78.9%
And the Electric Field Trip
78.8%
And the Science Fair Expedition
78%
Inside the Human Body
76.8%
The Bad Beginning
76.7%
Inside the Earth
76.3%
Inside a Hurricane
76%
Inside a Beehive
75.3%
The Da Vinci Code
74.5%
And the Climate Challenge
74.5%
Angels & Demons
74.4%
% Correct
Moonraker
72.6%
On the Banks of Plum Creek
72%
Life, the Universe and Everything
71.7%
The Last Olympian
71.4%
The Restaurant at the End of the Universe
71.2%
In the Time of the Dinosaurs
70.3%
The Hostile Hospital
69.7%
The Austere Academy
69.4%
The Lightning Thief
69.2%
The Miserable Mill
69.1%
The Long Winter
68.9%
The Penultimate Peril
68.8%
The Carnivorous Carnival
68.8%
By the Shores of Silver Lake
68.7%
The Grim Grotto
68.5%
The Vile Village
67.7%
The Ersatz Elevator
67.4%
West From Home
66.6%
The Slippery Slope
66.2%
The Reptile Room
66%
Thunderball
65.9%
Farmer Boy
64.6%
The Wide Window
64.4%
These Happy Golden Years
63.3%
So Long, and Thanks for All the Fish
62.5%
On the Ocean Floor
61.7%
The Amber Spyglass
60.5%
On the Way Home
60.2%
The First Four Years
59.3%
Explores the Senses
59.1%
The Golden Compass
58.9%
Lost in the Solar System
58.9%
Net Force
56.3%
At the Waterworks
55.5%
The Sea of Monsters
52.6%
The Lost Symbol
52%
% Correct
CyberNation
51.6%
The Titan's Curse
50.9%
Inferno
50.5%
And Another Thing…
49.8%
The Arctic Incident
49%
Breaking Point
48.1%
The End
47.5%
The Atlantis Complex
46.2%
The Battle of the Labyrinth
44.6%
The Subtle Knife
42.2%
Blood of Tyrants
41.6%
Point of Impact
40.5%
State of War
40.1%
Empire of Ivory
38%
Black Powder War
37.7%
Crucible of Gold
37.4%
Hidden Agendas
37.1%
The Eternity Code
37.1%
Mostly Harmless
32%
Throne of Jade
31.1%
The Archimedes Effect
31%
Night Moves
30.9%
League of Dragons
30.8%
His Majesty's Dragon
30.7%
Changing of the Guard
29.8%
The Opal Deception
29.2%
The Time Paradox
27.3%
Tongues of Serpents
27%
Victory of Eagles
26.6%
The Lost Colony
25.6%
The Last Guardian
24.9%
Origin
21.9%
Springboard
20.4%
La Belle Sauvage
16%
Remove Ads.
Support Sporcle.
Get the best of Sporcle when you Go Orange. This ad-free experience offers more features, more stats, and more fun while also helping to support Sporcle. Thank you for becoming a member.

You're not logged in!

Compare scores with friends on all Sporcle quizzes.
OR
Log In

Show Comments

Extras

Top Quizzes Today


Score Distribution

Your Account Isn't Verified!

In order to create a playlist on Sporcle, you need to verify the email address you used during registration. Go to your Sporcle Settings to finish the process.

Report this User

Report this user for behavior that violates our Community Guidelines.

Details: